Palabras sobre el mimo /

Kaydedildi:
Detaylı Bibliyografya
Yazar: Decroux, Etienne (autor)
Materyal Türü: Kitap
Dil:İspanyolca
Baskı/Yayın Bilgisi: México : El Milagro : CONACULTA, 2000, c2000
Seri Bilgileri:(El Apuntador)
Konular:
Etiketler: Etiketle
Etiket eklenmemiş, İlk siz ekleyin!

MARC

LEADER 00000nam^a2200000^a^4500
001 000151109
005 20250521000000.0
009 20260310100200.487
020 |a 968-6773-55-X 
020 |a 970-18-5264-8 
037 |a Acervo ITESO - Biblioteca 
041 |a ESP 
082 |a 792. 3  |b DEC 
100 |a Decroux, Etienne  |e (autor) 
245 1 0 |a Palabras sobre el mimo /  |c E. Decroux ; introd. de Corinne Soum ; tr. por César Jaime Rodríguez. 
264 4 |a México :  |b El Milagro :  |b CONACULTA,  |c 2000, c2000 
300 |a 291 p. 
336 |a texto  |b txt  |2 rdacontenido 
337 |a sin mediación  |b n  |2 rdamedio 
338 |a volumen  |b nc  |2 rdasoporte 
440 4 |a (El Apuntador) 
500 |a Traducción de: Paroles sur le mime 
649 |a XX 
650 |a Pantomima -  |x Investigación 
650 |a Mimo (Composición Dramática) 
650 |a Mímica 
650 |a Teatro 
650 |a Cuerpo Humano en el Arte 
650 |a Comunicación No Verbal 
910 |a Fondo General 
920 |a Impresos - Libros 
930 |a Colección General 
905 |a 101 
901 |a 0500080263  |b IT1  |c ACC  |u 20250521 
902 |a https://opac.biblio.iteso.mx/vufind/Record/000151109